000 01041cam a22002054a 4500
005 20250605163926.0
008 250528s ||||||||||||||||||||||||d
035 _a14543
020 _a803980566
040 _aGR-AtMCL
_bgre
_dGR-AtMCL
_eAACR2
245 1 _aDiscourse and Social Psychology / Beyond Attitudes and Behaviour
260 _bSage Publications,
_c2006
300 _a216
520 _aThe first systematic and comprehensible introduction to the theory and application of discourse analysis within the field of social psychology and related disciplines. Introduction, Foundations of Discourse Analysis, Unfolding Discourse Analysis, Making Rules Work, Accounts in Sequence, Speaking Objects, Categories in Discourse, Prototypes and Variability, From Representations to Repertoires, How to Analyze Discourse, Controversial Topics and Future Directions, Transcription Notation, References, Index.
700 1 _aPotter Jonathan
_9248
700 1 _aWetherell Margaret
_9249
942 _cBK
999 _c168
_d168